Cactáceas de Costa Rica (Registro nro. 5109)
[ vista simple ]
| 000 -Cabecera | |
|---|---|
| Campo de control de longitud fija | 00577aam a2200241 4500 |
| 005 - Fecha y hora de la última transacción | |
| Campo de control | 20240717142845.0 |
| 008 - Elementos de longitud fija--Información general | |
| Campo de control de longitud fija | 150504b1998 cr ||||| |||| 00| 0 spa d |
| 020 ## - International Standard Book Number | |
| Número Internacional Estándar del Libro (ISBN) | 9977649596 |
| 041 ## - Idioma | |
| Código de idioma | Español |
| 082 ## - Clasificación Decimal Dewey | |
| Número de clasificación | 583.56 R618ca |
| 100 ## - Entrada principal--Autor personal | |
| Nombre personal | Rivas Rossi, Marta |
| 9 (RLIN) | 1517 |
| 245 ## - Título propiamente dicho | |
| Título | Cactáceas de Costa Rica |
| 260 ## - Pie de imprenta | |
| Lugar de publicación, distribución, etc. | Costa Rica |
| 260 ## - Pie de imprenta | |
| Nombre del editor, distribuidor, etc. | EUNED |
| 260 ## - Pie de imprenta | |
| Fecha de publicación, distribución, etc. | 1998 |
| 300 ## - Descripción física | |
| Extensión | 79 páginas |
| 505 ## - Nota de contenido | |
| Nota de contenido | Incluye ilustraciones y fotografías |
| 650 ## - Materia general | |
| Temática (materia general) | TAXONOMÍA VEGETAL |
| 650 ## - Materia general | |
| Temática (materia general) | CÁCTACEAS |
| 650 ## - Materia general | |
| Temática (materia general) | COSTA RICA |
| 942 ## - Punto de acceso adicional KOHA | |
| Tipo de ítem KOHA | Libro |
| Fuente del sistema de clasificación o colocación | Dewey Decimal Classification |
| Signatura completa | Código de barras | Programa Académico | Tipo de ítem |
|---|---|---|---|
| 583.56 R618ca | 9486 | Turismo | Libro |
| 583.56 R618ca | 10120 | Turismo | Libro |
| 583.56 R618ca | 20139 | Turismo | Libro |